LEADER 01167nam--2200385---450- 001 990002433220203316 005 20050613125426.0 035 $a000243322 035 $aUSA01000243322 035 $a(ALEPH)000243322USA01 035 $a000243322 100 $a20050613d1973----km-y0itay0103----ba 101 $aita 102 $aIT 105 $a||||||||001yy 200 1 $a<> : 1051-1075$fa cura di Emma Falaschi$gpresentazione di Cinzio Violante 210 $aRoma$cEdizioni di storia e letteratura$d1973 215 $aXVIII, 261 p.,21 p. di tav.$d26 cm 225 2 $aThesaurus ecclesiarum Italiae$v7 410 0$12001$aThesaurus ecclesiarum Italiae$v7 454 1$12001 461 1$1001000243312$12001$aCarte dell'Archivio capitolare di Pisa 607 0 $aPisa$xArchivio capitolare 676 $a025.171 702 1$aFALASCHI,$bEmma 702 1$aVIOLANTE,$bCinzio 710 02$aArchivio capitolare$c$0166989 801 0$aIT$bsalbc$gISBD 912 $a990002433220203316 951 $aV 7 A 26/2$b1855 959 $aBK 969 $aDSSS 979 $aDSSS1$b10$c20050613$lUSA01$h1254 996 $a1051-1075$91055766 997 $aUNISA LEADER 00952nam0-22003131i-450- 001 990005796250403321 005 20140127153254.0 035 $a000579625 035 $aFED01000579625 035 $a(Aleph)000579625FED01 035 $a000579625 100 $a19990604d1954----km-y0itay50------ba 101 2 $alat 102 $aIT 105 $ay---c---00--- 200 1 $aTestimonia linguae etruscae$fselegit recognovit et indice verborum instruit Maximus Pallottino 210 $aFirenze$cLa Nuova Italia$d1954 215 $a175 p.$d17 cm 225 1 $aBiblioteca di studi superiori$iStoria antica ed epigrafia$v24 610 0 $aLingua etrusca$aTesti 676 $a499.94 700 1$aPallottino,$bMassimo$f<1909-1995>$06753 801 0$aIT$bUNINA$gRICA$2UNIMARC 901 $aBK 912 $a990005796250403321 952 $a499.94 PAL 1$bBibl. 26972$fFLFBC 959 $aFLFBC 996 $aTestimonia linguae etruscae$9140885 997 $aUNINA LEADER 02436oas 2200781 a 450 001 9910291745003321 005 20260218111355.0 035 $a(DE-599)ZDB2637240-X 035 $a(OCoLC)780374426 035 $a(CONSER) 2012262179 035 $a(CKB)2670000000097423 035 $a(DE-599)2637240-X 035 $a(EXLCZ)992670000000097423 100 $a20110812a20119999 uy 101 0 $aspa 135 $aur||||||||||| 181 $ctxt$2rdacontent 182 $cc$2rdamedia 183 $acr$2rdacarrier 200 00$aRevista de investigacio?n en logopedia 210 $aTalavera de la Reina, Toledo [Spain] $cUniversidad de Castilla la Mancha [and the] Colegio Oficial de Logopedas de Castilla la Mancha$d2011- 215 $a1 online resource 311 08$a2174-5218 517 1 $aJournal of research in speech and language therapy 531 0 $aRev. investig. logop. 606 $aCommunicative disorders$xResearch$vPeriodicals 606 $aSpeech therapy$xResearch$vPeriodicals 606 $aLanguage disorders$xTreatment$vPeriodicals 606 $aLanguage Disorders$xtherapy 606 $aSpeech Therapy 606 $aLanguage Therapy 606 $aCommunicative disorders$xResearch$2fast$3(OCoLC)fst00870385 606 $aLanguage disorders$xTreatment$2fast$3(OCoLC)fst00992376 606 $aSpeech therapy$xResearch$2fast$3(OCoLC)fst01129293 608 $aPeriodical. 608 $aPeriodicals.$2fast 615 0$aCommunicative disorders$xResearch 615 0$aSpeech therapy$xResearch 615 0$aLanguage disorders$xTreatment 615 12$aLanguage Disorders$xtherapy. 615 22$aSpeech Therapy. 615 22$aLanguage Therapy. 615 7$aCommunicative disorders$xResearch. 615 7$aLanguage disorders$xTreatment. 615 7$aSpeech therapy$xResearch. 712 02$aUniversidad de Castilla-La Mancha. 712 02$aColegio Oficial de Logopedas de Castilla La Mancha. 801 0$bAU@ 801 1$bAU@ 801 2$bCGU 801 2$bCUS 801 2$bNLM 801 2$bOCLCO 801 2$bOCLCF 801 2$bOCLCQ 801 2$bOCLCO 801 2$bOCLCA 801 2$bOCLCQ 801 2$bS9M 801 2$bOCLCA 801 2$bVT2 801 2$bOCLCQ 801 2$bOCLCL 801 2$bOCLCQ 906 $aJOURNAL 912 $a9910291745003321 996 $aRevista de investigación en logopedia$91947262 997 $aUNINA